000 00260 a2200097 4500
001 51743
100 _aAssociation of Project Management
245 _aClosing the Caps in Project Management Systems
260 _aLondon
_bButterworths
_c
090 _c32726
_d32726
942 _aNUST-CAE
_cM
_c25254
999 _c286816
_d286816